Komfort služieb na mimoburzovom trhu postupne rastie

Mesačný a štvrťročný vývoj obchodovania v priebežnej aukcii RM-Systému Slovakia v prvom polroku 1996. Anonymné obchody. Priame a registrované obchody. Polročná štatistika obchodov z priebežnej aukcie. 50 najviac obchodovaných spoločností v priebežnej aukcii.

Gespeichert in:
Bibliographische Detailangaben
1. Verfasser: Krúpa, P.
Format: Buchkapitel
Sprache:Slowakisch
Schlagworte:
Tags: Tag hinzufügen
Keine Tags, Fügen Sie das erste Tag hinzu!

MARC

LEADER 00000naa a2200000 4500
001 r022541
005 20230801105510.2
041 0 |a slo 
044 |a SK 
245 1 0 |a Komfort služieb na mimoburzovom trhu postupne rastie  |c P. Krúpa 
520 |a Mesačný a štvrťročný vývoj obchodovania v priebežnej aukcii RM-Systému Slovakia v prvom polroku 1996. Anonymné obchody. Priame a registrované obchody. Polročná štatistika obchodov z priebežnej aukcie. 50 najviac obchodovaných spoločností v priebežnej aukcii. 
610 2 0 |a Slovensko 
610 2 0 |a január-jún 
610 2 0 |a 1996 
610 2 0 |a obchody mimoburzové 
610 2 0 |a trh mimoburzový 
610 2 0 |a RM-Systém Slovakia 
610 2 0 |a indexy 
100 1 |a Krúpa, P.